02022cam a22003854i 4500003000900000005001700009008004100026020001500067020001800082035002000100040003300120082001600153245010200169246002000271264008900291336002100380337002500401338002300426504005000449505094900499526001001448526001001458526001001468526001001478526000801488526000801496526000801504526000801512526000801520526000801528526000801536650001601544650003001560650004601590PE-LiUPU20250731173029.0170809s2014 miu rb 000 0 eng d a0996030514 a9780996030519 a(Sirsi) a238203 aPE-LiUPUbspacPE-LiUPUerda04a230bS422000aShame & honor :bpresenting biblical themes in shame & honor contexts /cBruce L. Bauer [editor]. aShame and honor 1aBerrien Springs, Michigan :bDepartment of World Mission, Andrews University,c2014. atext2rdacontent aunmediated2rdamedia avolume2rdacarrier aBibliografía : Al final de cada capítulo.0 aHonor, shame, and the cross: a missiological perspective from a muslim context -- Reflections on the concept of shame and honor in the biblical creation and fall narratives -- Shame and honor in the Beginning: a study of Genesis 4 -- Death before dishonor: communicating the Gospel in shame and honor contexts of Africa -- Shame/honor, guilt/innocence, fear/power -- Salvaging Hula honor: using redemptive analogies to communicate the Gospel in a "wiped out" culture -- Toward the moral vision of honor and shame in biblical perspective: worldview, identity, character -- Living in favor with God and man: honorable Christian living in a Theravada Buddhist context -- Worldview themes among Arab Muslim women -- Presenting biblical themes in a nomadic shame-honor community -- Mission and shame: lessons from Jesus' interaction with the Pharisees and law-scholars in Luke 11:37-54 -- The Gospel of shame and honor: atonement through Asian eyes. aSEG42 aSEG41 aSEG40 aSEG39 aP94 aP87 aP86 aP85 aP77 aP76 aP3504aTeología.04aVergüenza en la Biblia.04aHonor--Aspectos religiosos--Cristiamismo.